Portales

Guardado en:
Detalles Bibliográficos
Autor principal: Melfi Demarco, Domingo (autor)
Formato: Libro
Lenguaje:español
Publicado: Santiago Universitaria 1930
Materias:
Etiquetas: Agregar Etiqueta
Sin Etiquetas, Sea el primero en etiquetar este registro!

MARC

LEADER 00000nam a2200000 a 4500
001 UCP7981
003 CL-VaPUC
008 000106e19300000CL |||||||||||||||||spa|d
082 0 4 |a 923.2  |b MEL  |2 21 
100 |a Melfi Demarco, Domingo  |e autor  |9 345076 
245 1 0 |a Portales 
300 |a 47 p 
942 |c BK 
945 |d 20000106 00:00:00  |a rherrera 
260 |a Santiago  |b Universitaria  |c 1930 
600 0 |a Portales y Palazuelos, Diego,  |d 1793-1837  |9 255516 
650 0 |a Biografías  |9 255210 
650 0 |a Políticos   |9 256302 
650 0 |a Vida y obra  |9 311871 
650 0 |a Pensamiento  |9 307612 
650 0 |a Ideologías  |9 255200 
651 7 |a CHILE  |2 CL-VaPUC  |9 437751 
583 |a last modification  |c 20000106 00:00:00  |k Rodrigo Vera 
999 |c 285017  |d 285015 
952 |0 0  |1 0  |4 0  |6 923_200000000000000_MEL_1930  |7 0  |8 X  |9 329362  |a BIBHIS  |b BIBHIS  |d 2019-11-20  |i 1377086  |o 923.2 MEL 1930  |p 1377086  |r 2024-01-30  |w 2019-11-20  |y BK_X  |k HIS